000 00381nam a2200133Ia 4500
008 231129s9999||||xx |||||||||||||| ||spa||
020 _a0 -538-22880-
040 _bspa
082 _a330.1543 T596m
100 _aTirado de Alonso Irma
245 0 _aMetodos econometricos
264 _aCincinnati: South-Western Publishing
942 _2ddc
_cBKS
999 _c21063
_d21063